You wouldn't want to be a secret agent during World War II ! : (Record no. 9418)

MARC details
000 -LEADER
fixed length control field 01195nam a22003017a 4500
001 - CONTROL NUMBER
control field 9418
003 - CONTROL NUMBER IDENTIFIER
control field FISKH
005 - DATE AND TIME OF LATEST TRANSACTION
control field 20260106111619.0
008 - FIXED-LENGTH DATA ELEMENTS--GENERAL INFORMATION
fixed length control field 260106b cb ||||| |||| 00| 0 eng d
020 ## - INTERNATIONAL STANDARD BOOK NUMBER
International Standard Book Number 9780531137833
040 ## - CATALOGING SOURCE
Original cataloging agency FISKH
Language of cataloging eng
Transcribing agency FISKH
Modifying agency FISKH
050 ## - LIBRARY OF CONGRESS CALL NUMBER
Classification number D810.S7 M26
082 ## - DEWEY DECIMAL CLASSIFICATION NUMBER
Classification number 365.94
100 ## - MAIN ENTRY--PERSONAL NAME
Personal name Malam , John
245 ## - TITLE STATEMENT
Title You wouldn't want to be a secret agent during World War II ! :
Remainder of title A perilous mission behind enemy lines /
Statement of responsibility, etc. Written by John Malam : Illustrated by Mark Bergin
260 ## - PUBLICATION, DISTRIBUTION, ETC.
Place of publication, distribution, etc. New York :
Name of publisher, distributor, etc. Scholastic ,
Date of publication, distribution, etc. 2010 .
300 ## - PHYSICAL DESCRIPTION
Extent 32 pages :
Other physical details color illustrations ;
Dimensions 24 cm .
490 ## - SERIES STATEMENT
Series statement You Wouldn't Want to (Be)
505 ## - FORMATTED CONTENTS NOTE
Formatted contents note U <br/>
520 ## - SUMMARY, ETC.
Summary, etc. Explains what it was like to be a British secret agent working behind enemy lines in France during World War II, describing the training, equipment, and techniques used by spies and the danger they faced during their missions.
521 8# - TARGET AUDIENCE NOTE
Target audience note 820 <br/>
Source Lexile IG <br/>
521 8# - TARGET AUDIENCE NOTE
Target audience note U <br/>
Source Raz-Plus <br/>
650 ## - SUBJECT ADDED ENTRY--TOPICAL TERM
Topical term or geographic name entry element Countries and Cultures
Form subdivision Juvenile Nonfiction
700 ## - ADDED ENTRY--PERSONAL NAME
Personal name Bergin , Mark
Relator term Illustrator
700 ## - ADDED ENTRY--PERSONAL NAME
Personal name Salariya , David
Relator term Creater and Designer
942 ## - ADDED ENTRY ELEMENTS (KOHA)
Source of classification or shelving scheme Dewey Decimal Classification
Koha item type Books
Suppress in OPAC No
Holdings
Withdrawn status Lost status Source of classification or shelving scheme Damaged status Not for loan Collection Home library Current library Shelving location Date acquired Total Checkouts Full call number Barcode Date last seen Price effective from Koha item type
    Dewey Decimal Classification     Non-Fiction Footprints International School Library Network Toul Tom Poung Campus Footprints International School Library Network Toul Tom Poung Campus TTP Secondary Non-Fiction Bookshelves 01/06/2026   MAL 365.94 D810.S7 M26 2026-0006 01/06/2026 01/06/2026 Books